Mariano Marcos State University

University Library System

Ecology, reproductive periodicity and management measures of sea cucumber fishery in Ilocos Norte, Philippines (Record no. 9662)

MARC details
000 -LEADER
fixed length control field 00601nam a22001697a 4500
003 - CONTROL NUMBER IDENTIFIER
control field OSt
005 - DATE AND TIME OF LATEST TRANSACTION
control field 20171010095501.0
008 - FIXED-LENGTH DATA ELEMENTS--GENERAL INFORMATION
fixed length control field 120726t xxu||||| |||| 00| 0 eng d
040 ## - CATALOGING SOURCE
Original cataloging agency MMSU
Transcribing agency ULS
100 ## - MAIN ENTRY--PERSONAL NAME
Personal name Grande, Veronica O.
9 (RLIN) 11525
245 ## - TITLE STATEMENT
Title Ecology, reproductive periodicity and management measures of sea cucumber fishery in Ilocos Norte, Philippines
Statement of responsibility, etc. Veronica O. Grance
260 ## - PUBLICATION, DISTRIBUTION, ETC.
Date of publication, distribution, etc. 2009
300 ## - PHYSICAL DESCRIPTION
Extent xxi, 181 leaves
Dimensions 28 cm.
500 ## - GENERAL NOTE
General note Thesis (Ph.D. in Agriculture) -- Central Luzon State University, Munoz, Nueva Ecija
504 ## - BIBLIOGRAPHY, ETC. NOTE
Bibliography, etc. note Bibliography: leaves 141-147
942 ## - ADDED ENTRY ELEMENTS (KOHA)
Source of classification or shelving scheme
Koha item type Thesis/Dissertation
Holdings
Withdrawn status Lost status Source of classification or shelving scheme Damaged status Not for loan Home library Current library Date acquired Total Checkouts Barcode Date last seen Price effective from Koha item type Public note
          REF REF 07/26/2012   636 10/10/2017 10/10/2017 Thesis/Dissertation Library Use only

© 2023 Mariano Marcos State University. All Rights Reserved.

Powered by Koha